000 00784nam1a22002291i 4500
001 rc\992957
005 20240723231431.0
035 _a(NLR Aleph) 006255770
090 _a6797559
_c6797559
100 _a20041129g19819999u |0rusy50 ca
101 0 _arus
102 _aRU
105 _ay |||||||||
200 1 _aЕжегодник по педиатрии
_e[Сб. реф. статей]
_fПод ред. Ф.А. Оски, Дж. А. Стокмана
_gПер. с англ. Т.П. Жуковой и др.
210 _aМ.
_cМедицина
_d1981-
215 _d22
300 _aПеревод изд.: The year book of pediatrics, 1979 (Chicago, London)
702 1 _aОски
_bФ.А.
_4340
801 0 _aRU
_bNLR
_gpsbo
801 1 _aRU
_bELAR
_2rusmarc
852 _aNLR
_j82-5/963
942 _cBOOK